000 00471nam a2200157Ia 4500
008 210719s2005 xx 000 0 und d
041 _aeng
082 _a658.8 MONC
100 _aMONIS (Neil)
245 _aCustomer satisfaction of Tata products with special emphasis on Tata Indica V2.
260 _aMangalore
_bDepartment of Business Management St Aloysius College
_c2005
300 _a84
_bHB
365 _cRs
650 _aProject Reports
906 _aBBM Project
999 _c214239
_d214239